00530cam a22001937a 4500003000500000005001700005008004100022010001000063011001000073035001000083040000900093082001500102100003500117245007900152260005900231300001900290500001400309650001300323CHAP20220906114947.0971013s1981 r 00010 d a23543 a24515 a28614 cCHAP a634.75bC400aChilders, Norman Franklineed.14aThe strawberryb: varieties, culture, pests and control, storage, marketin aGainesville, Fla. :bHorticultural Publications,c1981 a594 p.b: ilus aFotocopia17aFresas2